Online
Catalog

Islas del Caribe : (Record no. 7087)

MARC details
000 -CABECERA
campo de control de longitud fija 00676cam a2200205 a 4500
001 - NÚMERO DE CONTROL
campo de control 000007306
005 - FECHA Y HORA DE LA ÚLTIMA TRANSACCIÓN
campo de control 20200929154128.0
008 - DATOS DE LONGITUD FIJA--INFORMACIÓN GENERAL
campo de control de longitud fija 840514s1983 pr 000 0 spa
040 ## - FUENTE DE LA CATALOGACIÓN
Centro catalogador/agencia de origen DO-SdBNP
Lengua de catalogación spa
Centro/agencia transcriptor DLC
Centro/agencia modificador DLC
-- BNPHU
082 ## - NÚMERO DE LA CLASIFICACIÓN DECIMAL DEWEY
Número de clasificación 917.29
Número de documento/Ítem D542i
049 ## - FONDOS LOCALES (OCLC)
Fondos de biblioteca BNGR
100 1# - ENTRADA PRINCIPAL--NOMBRE DE PERSONA
Nombre de persona Díaz Montero, Anibal,
Fechas asociadas al nombre 1911-
9 (RLIN) 20295
245 10 - MENCIÓN DE TÍTULO
Título Islas del Caribe :
Resto del título crónicas /
Mención de responsabilidad, etc. Anibal Díaz Montero.
260 ## - PUBLICACIÓN, DISTRIBUCIÓN, ETC.
Lugar de publicación, distribución, etc. Santurce,(Puerto Rico) :
Nombre del editor, distribuidor, etc. Diaz-Mont,
Fecha de publicación, distribución, etc. 1983.
300 ## - DESCRIPCIÓN FÍSICA
Extensión 152 p. ;
Dimensiones 21 cm.
651 #4 - PUNTO DE ACCESO ADICIONAL DE MATERIA--NOMBRE GEOGRÁFICO
Nombre geográfico Antillas
Subdivisión general Descripción Y Viajes
Subdivisión cronológica 1951
9 (RLIN) 20296
650 #4 - PUNTO DE ACCESO ADICIONAL DE MATERIA--TÉRMINO DE MATERIA
Término de materia o nombre geográfico como elemento de entrada Crónicas cubanas
Subdivisión cronológica 1951
9 (RLIN) 20297
650 #4 - PUNTO DE ACCESO ADICIONAL DE MATERIA--TÉRMINO DE MATERIA
Término de materia o nombre geográfico como elemento de entrada Crónicas dominicanas
Subdivisión cronológica 1951
9 (RLIN) 20298
910 ## - DATOS DE OPCIÓN DEL USUARIO (OCLC)
Datos de opción del usuario Catalogación por copia / LC
Holdings
Estado de retiro Estado de pérdida Restricciones de uso No para préstamo Código de colección Localización permanente Ubicación/localización actual Ubicación en estantería Fecha de adquisición Número de inventario Total de préstamos Signatura topográfica completa Código de barras Fecha visto por última vez Precio válido a partir de Tipo de ítem Koha
    Préstamo interno   Monografías: Libros y Folletos General General En catalogación 07.09.2009 LF1   917.29 D542i 7306-10 25.06.2020 25.06.2020 Préstamo interno

Powered by Koha